00390 2200157 4500245004200000020002300042250001100065100002000076650001600096005001900112260004900131041001400180084000800194300002100202336000900223 aMy Secret LovecMhardy MohammadhText a978-602-7-12-08-00 aCet. 9 aMhardy Mohammad aNovel Fiksi a20230109140513 aJakartabMahakarya Indonesia Publisherc2014 aIndonesia a813 a84 hlm. illus. : atext